Kurinji Malar/ (Record no. 210681)
[ view plain ]
| 000 -LEADER | |
|---|---|
| fixed length control field | 00619nam a2200193 4500 |
| 005 - DATE AND TIME OF LATEST TRANSACTION | |
| control field | 20250402160255.0 |
| 010 ## - LCCN (DPL NO) | |
| LC control number | ENG-144434 |
| 020 ## - INTERNATIONAL STANDARD BOOK NUMBER | |
| International Standard Book Number | 9789357315685 |
| Terms of availability | 1999.00 |
| 035 ## - SYSTEM CONTROL NUMBER | |
| System control number | EN-127966 |
| 037 ## - SOURCE OF ACQUISITION | |
| Source of stock number/acquisition | DBAD |
| 082 ## - DEWEY DECIMAL CLASSIFICATION NUMBER | |
| Classification number | N |
| 100 ## - MAIN ENTRY--PERSONAL NAME | |
| Personal name | Parthasarathy, Na |
| 245 ## - TITLE STATEMENT | |
| Title | Kurinji Malar/ |
| Statement of responsibility, etc | Na. Parthasarathy [and] Translated By Malini Seshadri |
| 260 ## - PUBLICATION, DISTRIBUTION, ETC. (IMPRINT) | |
| Place of publication, distribution, etc | Gurugram |
| Name of publisher, distributor, etc | Hachette Books Publishing |
| Date of publication, distribution, etc | 2024 |
| 270 ## - ADDRESS | |
| Address | 4th and 5th Floor, Corporate Centre, Plot No.-94, Sector 44, |
| City | Gurugram |
| Postal code | 122003 |
| 300 ## - PHYSICAL DESCRIPTION | |
| Extent | 457p. |
| Dimensions | 20cm(pb) |
| 700 ## - ADDED ENTRY--PERSONAL NAME | |
| Personal name | Seshadri, Malini |
| Relator term | Translator |
| 9 (RLIN) | 80140 |
| 942 ## - ADDED ENTRY ELEMENTS (KOHA) | |
| Source of classification or shelving scheme | Dewey Decimal Classification |
| Item type | English Books |
| Classification part | N |
| Call number suffix | PAR |
| Withdrawn status | Lost status | Not for loan | Collection code | Home library | Current library | Date acquired | Source of acquisition | Cost, normal purchase price | Full call number | Barcode | Copy number | Cost, replacement price | Koha item type |
|---|---|---|---|---|---|---|---|---|---|---|---|---|---|
| Not For Loan | Fiction | D.B.Act.Division | D.B.Act.Division | 02/04/2025 | Delivery of Books Act Division | 1999.00 | N PAR | EN-127966 | 1 | 1999.00 | English Books |
